Normal view
MARC view
- الفلاسفة الانجليز- تراجم- المثالية- فلسفة
Entry Topical Term
001 - CONTROL NUMBER
- control field: 15581
003 - CONTROL NUMBER IDENTIFIER
- control field: JO-AjAnu
005 - DATE AND TIME OF LATEST TRANSACTION
- control field: 20230606072803.0
008 - FIXED-LENGTH DATA ELEMENTS
- fixed length control field: 230606|| aca||aabn | a|a d
040 ## - CATALOGING SOURCE
- Original cataloging agency: JO-AjAnu
- Transcribing agency: JO-AjAnu
150 ## - HEADING--TOPICAL TERM
- Topical term or geographic name entry element: الفلاسفة الانجليز- تراجم- المثالية- فلسفة
670 ## - SOURCE DATA FOUND
- Source citation: Work cat.: (JO-AjAnu)8001: محمد، علي عبد المعطي ؛ تقديم وتحليل: محمد علي أبو ريان, author 15580, بوزانكيت: قمة المثالية في انجلترا